00424nam a2200181Ia 4500008004100000041001200041082000800053082001100061100001600072100001100088245002900099260001700128260002500145260000900170300001500179365002500194650002300219150909s9999 xx 000 0 und d aEnglish a547 bBAN/NA aBanks J.E  eAuthor aNaming organic compounds aphiladelphia bW B Saunders Company c1976 a300 Pages aRs.100  aOrganic chemistory